[Event "27. ekipno prvenstvo RH"]
[Site "Biograd na Moru"]
[Date "2018.09.16"]
[Round "9.42"]
[White "Saric, Ivan"]
[Black "Pikula, Dejan"]
[Result "1/2-1/2"]
[WhiteElo "2689"]
[BlackElo "2469"]
[PlyCount "155"]
[EventDate "2018.??.??"]
[WhiteTeam "ŠK Liburnija, Rijeka"]
[BlackTeam "ŠK Sljeme-Agroproteinka, Sesvete"]

1. e4 c6 2. d4 d5 3. e5 Bf5 4. Nf3 e6 5. Be2 Ne7 6. O-O h6 7. Nbd2 Nd7 8. c3
Nc8 9. Re1 Be7 10. Nf1 O-O 11. Ng3 Bg6 12. Bd3 c5 13. Bxg6 fxg6 14. Be3 c4 15.
b3 Ncb6 16. Nd2 Rf7 17. a4 cxb3 18. Qxb3 a5 19. Rab1 Rc8 20. Rec1 Rf8 21. Qb5
Qc7 22. Ne2 Qc6 23. Qxa5 Ra8 24. Qb5 Rxa4 25. Nf4 Qxb5 26. Rxb5 Kf7 27. Rcb1 g5
28. Nd3 Rc8 29. Nc5 Nxc5 30. Rxb6 Nd3 31. R6b3 Ra2 32. Kf1 Rc2 33. c4 dxc4 34.
Nxc4 R8xc4 35. Rxd3 Rb4 36. Rxb4 Bxb4 37. Rb3 Rc4 38. Ke2 b5 39. Kd3 Ke8 40. g3
g6 41. Rb1 Kd7 42. h4 Kc6 43. hxg5 h5 44. Ra1 Kd5 45. Ra8 Rc3+ 46. Ke2 Rc6 47.
Rb8 Kc4 48. f4 Bc3 49. f5 exf5 50. Rd8 Ba5 51. Rd7 Rc7 52. Rd6 b4 53. Bd2 Rb7
54. Bc1 b3 55. Bb2 Rc7 56. d5 Kb5 57. e6 Bb4 58. Rd8 Rc2+ 59. Kf3 Bc5 60. Kf4
Rxb2 61. d6 Rf2+ 62. Ke5 Re2+ 63. Kf6 b2 64. Rb8+ Bb6 65. d7 b1=Q 66. d8=Q Qa1+
67. Kf7 Qa7+ 68. Qd7+ Qxd7+ 69. exd7 Rd2 70. Kxg6 Rxd7 71. Kxh5 Rd3 72. g6 Rxg3
73. Kh6 f4 74. g7 Rh3+ 75. Kg6 Rg3+ 76. Kh7 Rh3+ 77. Kg6 Rg3+ 78. Kh7 1/2-1/2

[Event "27. ekipno prvenstvo RH"]
[Site "Biograd na Moru"]
[Date "2018.09.16"]
[Round "9.43"]
[White "Jovanovic, Zoran"]
[Black "Markus, Robert"]
[Result "1/2-1/2"]
[WhiteElo "2540"]
[BlackElo "2613"]
[PlyCount "23"]
[EventDate "2018.??.??"]
[WhiteTeam "ŠK Sljeme-Agroproteinka, Sesvete"]
[BlackTeam "ŠK Liburnija, Rijeka"]

1. e4 Nf6 2. Nc3 d5 3. e5 d4 4. exf6 dxc3 5. fxg7 cxd2+ 6. Bxd2 Bxg7 7. Qf3 Nc6
8. O-O-O Qd6 9. Bc3 Qh6+ 10. Kb1 Bd7 11. Bxg7 Qxg7 12. Qg3 1/2-1/2

[Event "27. ekipno prvenstvo RH"]
[Site "Biograd na Moru"]
[Date "2018.09.16"]
[Round "9.44"]
[White "Kuljasevic, Davorin"]
[Black "Bukal, Vladimir Jr"]
[Result "1/2-1/2"]
[WhiteElo "2548"]
[BlackElo "2380"]
[PlyCount "29"]
[EventDate "2018.??.??"]
[WhiteTeam "ŠK Liburnija, Rijeka"]
[BlackTeam "ŠK Sljeme-Agroproteinka, Sesvete"]

1. d4 e6 2. c4 f5 3. g3 Nf6 4. Bg2 d5 5. Nh3 Bd6 6. O-O O-O 7. Bf4 Be7 8. Nd2
Nc6 9. Be3 a5 10. Rc1 a4 11. a3 Ng4 12. cxd5 Nxe3 13. fxe3 exd5 14. Nf4 Ra5 15.
b4 1/2-1/2

[Event "27. ekipno prvenstvo RH"]
[Site "Biograd na Moru"]
[Date "2018.09.16"]
[Round "9.45"]
[White "Dutina, Dario"]
[Black "Jovanic, Ognjen"]
[Result "0-1"]
[WhiteElo "2245"]
[BlackElo "2512"]
[PlyCount "42"]
[EventDate "2018.??.??"]
[WhiteTeam "ŠK Sljeme-Agroproteinka, Sesvete"]
[BlackTeam "ŠK Liburnija, Rijeka"]

1. e4 c5 2. Nc3 Nc6 3. f4 e6 4. Nf3 Nge7 5. d4 cxd4 6. Nxd4 Nxd4 7. Qxd4 Nc6 8.
Qf2 d5 9. exd5 exd5 10. Be3 Bb4 11. Bc5 Bxc3+ 12. bxc3 Qf6 13. O-O-O Be6 14.
Bb5 O-O-O 15. Bxc6 bxc6 16. Bd4 Qe7 17. Bxg7 Qa3+ 18. Kd2 d4 19. cxd4 Qa5+ 20.
c3 Rhg8 21. Be5 Rxg2 0-1

[Event "27. ekipno prvenstvo RH"]
[Site "Biograd na Moru"]
[Date "2018.09.16"]
[Round "9.46"]
[White "Kovacevic, Blazimir"]
[Black "Bozinovic, Bogdan"]
[Result "1-0"]
[WhiteElo "2494"]
[BlackElo "2229"]
[PlyCount "113"]
[EventDate "2018.??.??"]
[WhiteTeam "ŠK Liburnija, Rijeka"]
[BlackTeam "ŠK Sljeme-Agroproteinka, Sesvete"]

1. d4 Nf6 2. Nf3 c5 3. d5 e6 4. Nc3 d6 5. e4 exd5 6. Nxd5 Nxd5 7. Qxd5 Nc6 8.
Ng5 Qe7 9. Bb5 Bd7 10. Bc4 Nd8 11. O-O h6 12. Nf3 Nc6 13. c3 Na5 14. Be2 O-O-O
15. b4 Be6 16. Qd1 Nc4 17. Qa4 d5 18. Bxc4 dxc4 19. Qxa7 Qc7 20. Be3 b6 21.
Qa8+ Qb8 22. Qxb8+ Kxb8 23. bxc5 bxc5 24. Rfb1+ Kc7 25. Rb5 Bd6 26. Bxc5 Bxc5
27. Rxc5+ Kb6 28. Re5 Rd3 29. Nd4 Rb8 30. h4 Kc7 31. Rc5+ Kd6 32. Nxe6 Rxc3 33.
Rd1+ Kxe6 34. Rd2 Rc1+ 35. Kh2 c3 36. Rc6+ Ke7 37. Rd3 Rb2 38. a4 Rxf2 39.
Rcxc3 Rxc3 40. Rxc3 Rf4 41. Kg3 Rxe4 42. Ra3 Re6 43. Kf4 Kd7 44. Rd3+ Kc7 45.
Rg3 g6 46. Re3 Rf6+ 47. Kg3 Ra6 48. Re7+ Kd6 49. Rxf7 Ke5 50. Rf4 g5 51. hxg5
Rg6 52. a5 h5 53. Ra4 Rxg5+ 54. Kh3 Rg7 55. a6 Ra7 56. Kh4 Kd5 57. Kxh5 1-0

[Event "27. ekipno prvenstvo RH"]
[Site "Biograd na Moru"]
[Date "2018.09.16"]
[Round "9.53"]
[White "Tica, Sven"]
[Black "Zivkovic, Vjekoslav"]
[Result "1/2-1/2"]
[WhiteElo "2442"]
[BlackElo "2358"]
[PlyCount "22"]
[EventDate "2018.??.??"]
[WhiteTeam "ŠK Rijeka, Rijeka"]
[BlackTeam "ŠK Ferit- Osijek, Osijek"]

1. Nf3 g6 2. g3 Bg7 3. Bg2 Nf6 4. O-O O-O 5. d4 d5 6. c4 c6 7. cxd5 cxd5 8. Nc3
e6 9. Ne5 Nfd7 10. Nf3 Nf6 11. Ne5 Nfd7 1/2-1/2